[Event "Panamericano Sub 20 - Absoluto -"]
[Site "Montevideo"]
[Date "2009.10.07"]
[Round "3"]
[White "Diamant, André"]
[Black "Sanguinetti, Luis"]
[Result "1-0"]
[WhiteElo "2526"]
[BlackElo "2116"]
[PlyCount "59"]
[EventDate "2009.10.??"]
[EventType "swiss"]
[EventRounds "9"]
[EventCountry "URU"]
[SourceDate "2009.10.06"]

1. e4 e6 2. d4 d5 3. Nd2 Nf6 4. e5 Nfd7 5. Ngf3 c5 6. c3 Nc6 7. Bd3 Be7 8. O-O
g5 9. dxc5 Ndxe5 10. Nxe5 Nxe5 11. Bb5+ Bd7 12. Bxd7+ Nxd7 13. b4 Bf6 14. Nf3
Rg8 15. Nd4 Be5 16. Bb2 g4 17. Qe2 Rg6 18. f4 gxf3 19. Nxf3 Bg7 20. Rad1 Qe7
21. Rfe1 Nf6 22. c4 O-O-O 23. Ne5 Rh6 24. c6 Ne4 25. cxd5 exd5 26. Qg4+ f5 27.
Qxf5+ Qe6 28. Qxe6+ Rxe6 29. cxb7+ Kc7 (29... Kxb7 30. Rxe4 dxe4 31. Rxd8 Bxe5
32. Bxe5 Rxe5 33. Rd7+ Kb6 34. Rxh7 $18) 30. Rxe4 1-0

[Event "Panamericano Sub 20 - Absoluto -"]
[Site "Montevideo"]
[Date "2009.10.07"]
[Round "3"]
[White "García Cárdenas, Pablo"]
[Black "Krysa, Leandro"]
[Result "1-0"]
[WhiteElo "2312"]
[BlackElo "2412"]
[PlyCount "59"]
[EventDate "2009.10.??"]
[EventType "swiss"]
[EventRounds "9"]
[EventCountry "URU"]
[SourceDate "2009.10.06"]

1. e4 c5 2. Nf3 e6 3. d4 cxd4 4. Nxd4 a6 5. c4 Nf6 6. Nc3 Bb4 7. Bd3 Nc6 8. Nc2
Bc5 9. O-O d6 10. a3 Ne5 11. b4 Ba7 12. Be3 Bxe3 13. Nxe3 g5 14. Ra2 Bd7 15.
Rd2 Qb6 16. Bc2 Ke7 17. Rd4 Rad8 18. f4 gxf4 19. Rxf4 Qa7 20. Qd2 Rhg8 21. Bd1
Rg6 22. Qf2 Ne8 23. Bh5 Rg7 24. Ng4 f6 25. Nxe5 Qxd4 26. Ng6+ hxg6 27. Qxd4 e5
28. Nd5+ Kf7 29. Qb6 Rb8 30. Rxf6+ 1-0

[Event "Panamericano Sub 20 - Absoluto -"]
[Site "Montevideo"]
[Date "2009.10.07"]
[Round "3"]
[White "Decuadro, Sebastián"]
[Black "Uribe, Daniel"]
[Result "0-1"]
[WhiteElo "2034"]
[BlackElo "2264"]
[PlyCount "92"]
[EventDate "2009.10.??"]
[EventType "swiss"]
[EventRounds "9"]
[EventCountry "URU"]
[SourceDate "2009.10.06"]

1. e4 c5 2. Nc3 e6 3. g3 a6 4. Bg2 b5 5. d3 Bb7 6. f4 d5 7. e5 h5 8. Nf3 Nh6 9.
O-O Nf5 10. Qe1 Be7 11. Nd1 Nc6 12. Ne3 g6 13. Nxf5 gxf5 14. Ng5 Bxg5 15. fxg5
Qc7 16. Bf4 O-O-O 17. h4 d4 18. Qe2 Nb4 19. a4 Bxg2 20. Qxg2 Qc6 21. axb5 axb5
22. Ra5 Qxg2+ 23. Kxg2 Kb7 24. Rxb5+ Kc6 25. Ra5 Ra8 26. Rfa1 Rxa5 27. Rxa5 Kb6
28. Ra4 Nxc2 29. Bd2 Rb8 30. Rc4 Na1 31. b4 Nb3 32. bxc5+ Kc6 33. Bb4 Ra8 34.
Rc2 Ra4 35. Be1 Nxc5 36. Kf3 Kd5 37. Ke2 Nd7 38. Rb2 Kxe5 39. Rb7 Ra2+ 40. Bd2
Kd6 41. Kd1 e5 42. Rb1 Kd5 43. Rb7 Kc6 44. Rb4 Nc5 45. Rb8 Nxd3 46. Rf8 e4 0-1

[Event "Panamericano Sub 20 - Absoluto -"]
[Site "Montevideo"]
[Date "2009.10.07"]
[Round "3"]
[White "Pulvett, Daniel"]
[Black "Izquierdo, Sebastián"]
[Result "1-0"]
[WhiteElo "2237"]
[BlackElo "2018"]
[PlyCount "57"]
[EventDate "2009.10.??"]
[EventType "swiss"]
[EventRounds "9"]
[EventCountry "URU"]
[SourceDate "2009.10.06"]

1. e4 d5 2. exd5 Nf6 3. c4 c6 4. d4 cxd5 5. Nc3 e6 6. Nf3 Be7 7. Bf4 O-O 8. c5
b6 9. Nb5 Ne8 10. Bxb8 Rxb8 11. Nxa7 Qd7 12. Nxc8 Qxc8 13. b4 bxc5 14. bxc5 Bd8
15. Bd3 Ba5+ 16. Kf1 Nf6 17. Qc2 Qc7 18. g3 Qb7 19. Kg2 Qb2 20. Rab1 Qxc2 21.
Bxc2 Ra8 22. Rb7 Ne4 23. Bxe4 dxe4 24. Ng5 Bc3 25. Rd1 Rfd8 26. Nxe4 Bxd4 27.
c6 Be5 28. Rxd8+ Rxd8 29. f4 1-0

[Event "Panamericano Sub 20 - Absoluto -"]
[Site "Montevideo"]
[Date "2009.10.07"]
[Round "3"]
[White "Ibañez Iglesias, Rodrigo"]
[Black "García Guerrero, Isaac"]
[Result "0-1"]
[WhiteElo "1934"]
[BlackElo "2156"]
[PlyCount "54"]
[EventDate "2009.10.??"]
[EventType "swiss"]
[EventRounds "9"]
[EventCountry "URU"]
[SourceDate "2009.10.06"]

1. e4 c5 2. Nf3 g6 3. d4 cxd4 4. Nxd4 Nc6 5. Nc3 Bg7 6. Be3 Nf6 7. f3 O-O 8.
Bc4 Qb6 9. Bb3 Nxe4 10. fxe4 Bxd4 11. Bxd4 Qxd4 12. Qxd4 Nxd4 13. O-O-O Nc6 14.
Nd5 d6 15. h4 Rb8 16. Rdf1 Be6 17. h5 Bxd5 18. Bxd5 Ne5 19. hxg6 hxg6 20. Rh3
Kg7 21. Rfh1 e6 22. Rh7+ Kf6 23. Bb3 b5 24. R1h3 a5 25. a4 bxa4 26. Bxa4 Rb4
27. b3 Rxe4 0-1

[Event "Panamericano Sub 20 - Absoluto -"]
[Site "Montevideo"]
[Date "2009.10.07"]
[Round "3"]
[White "González Reyes, Gabriel"]
[Black "Vázquez Reyes, Raúl"]
[Result "0-1"]
[WhiteElo "1917"]
[BlackElo "2137"]
[PlyCount "92"]
[EventDate "2009.10.??"]
[EventType "swiss"]
[EventRounds "9"]
[EventCountry "URU"]
[SourceDate "2009.10.06"]

1. Nf3 Nf6 2. d4 c5 3. d5 e6 4. c4 exd5 5. cxd5 d6 6. Nc3 g6 7. e4 a6 8. a4 Bg4
9. Be2 Bxf3 10. Bxf3 Bg7 11. O-O O-O 12. Bf4 Qe7 13. Re1 Nbd7 14. Qc2 h5 15. g3
Ne5 16. Bg2 c4 17. Bxe5 Qxe5 18. Rad1 Qe7 19. f4 Qc7 20. h3 Rfe8 21. Kh1 Rad8
22. Ne2 Nd7 23. Nd4 Qb6 24. Qd2 Nc5 25. a5 Qa7 26. Re3 Nd3 27. Rxd3 cxd3 28.
Qxd3 Rc8 29. b4 Qxd4 30. Qxd4 Bxd4 31. Rxd4 Rc1+ 32. Kh2 f5 33. e5 Rc7 34. exd6
Rc2 35. d7 Rd8 36. Kg1 Rc7 37. Kf2 Kf8 38. Ke3 Rdxd7 39. Kd2 Ke7 40. Bf1 Kd6
41. Bd3 Rh7 42. h4 Rhe7 43. Bc2 Rc8 44. Bb3 Rce8 45. Rd3 Re2+ 46. Kc3 R8e3 0-1

[Event "Panamericano Sub 20 - Absoluto -"]
[Site "Montevideo"]
[Date "2009.10.07"]
[Round "3"]
[White "Arcos Facio, Mateo"]
[Black "Hurtado, Matías"]
[Result "1/2-1/2"]
[WhiteElo "2109"]
[BlackElo "1920"]
[PlyCount "74"]
[EventDate "2009.10.??"]
[EventType "swiss"]
[EventRounds "9"]
[EventCountry "URU"]
[SourceDate "2009.10.06"]

1. e4 c5 2. Nf3 e6 3. d4 cxd4 4. Nxd4 a6 5. Bd3 Nf6 6. c4 Bc5 7. Nb3 Bb4+ 8.
Bd2 Bxd2+ 9. Qxd2 Qc7 10. Nc3 Nc6 11. f4 d6 12. Rd1 O-O 13. O-O Rd8 14. Qe2 Kh8
15. Bb1 e5 16. f5 Na5 17. Nxa5 Qxa5 18. g4 Qc5+ 19. Kh1 Bd7 20. g5 Ne8 21. a3
Rac8 22. Qh5 f6 23. b4 Qxc4 24. Ba2 Qxc3 25. Rf3 Qxf3+ 26. Qxf3 fxg5 27. Qe3
Bc6 28. Bd5 Bxd5 29. exd5 h6 30. Rc1 Nf6 31. Rxc8 Rxc8 32. Qb6 e4 33. Qxb7 Re8
34. Kg1 e3 35. Kf1 e2+ 36. Ke1 Ng4 37. Qxa6 Nxh2 1/2-1/2

[Event "Panamericano Sub 20 - Absoluto -"]
[Site "Montevideo"]
[Date "2009.10.07"]
[Round "3"]
[White "Michailov, Matías"]
[Black "Cóppola, Claudio"]
[Result "1/2-1/2"]
[WhiteElo "1886"]
[BlackElo "2105"]
[PlyCount "46"]
[EventDate "2009.10.??"]
[EventType "swiss"]
[EventRounds "9"]
[EventCountry "URU"]
[SourceDate "2009.10.06"]

1. e4 e5 2. Nf3 Nc6 3. Bb5 a6 4. Ba4 d6 5. O-O Nge7 6. d4 b5 7. Bb3 Nxd4 8.
Nxd4 exd4 9. c3 dxc3 10. Nxc3 Be6 11. Be3 c5 12. Nd5 Nxd5 13. exd5 Bf5 14. Re1
Be7 15. Bxc5 O-O 16. Bd4 Bf6 17. Rc1 Bxd4 18. Qxd4 Re8 19. Rxe8+ Qxe8 20. Qb4
Rc8 21. Rxc8 Qxc8 22. h3 Qc5 23. Qa5 Qc1+ 1/2-1/2

[Event "Panamericano Sub 20 - Absoluto -"]
[Site "Montevideo"]
[Date "2009.10.07"]
[Round "3"]
[White "Vaz, Leonardo"]
[Black "Carlo, Daniel"]
[Result "1-0"]
[WhiteElo "2028"]
[BlackElo "2091"]
[PlyCount "65"]
[EventDate "2009.10.??"]
[EventType "swiss"]
[EventRounds "9"]
[EventCountry "URU"]
[SourceDate "2009.10.06"]

1. e4 c5 2. Nf3 e6 3. d4 cxd4 4. Nxd4 a6 5. c4 Nf6 6. Bd3 Qc7 7. O-O Bc5 8. Nb3
Ba7 9. Nc3 h5 10. Qe2 Nc6 11. g3 h4 12. Bf4 Ne5 13. Kg2 d6 14. Bxe5 dxe5 15.
Rac1 Bd7 16. Nd2 Ke7 17. b4 Rh6 18. c5 Nh5 19. Nf3 Rg6 20. Qd2 Nf4+ 21. Kh1
hxg3 22. fxg3 Nh5 23. Nh4 Rf6 24. Qg5 Rh8 25. Be2 Nxg3+ 26. Qxg3 Rhh6 27. Qxg7
Qd8 28. Rxf6 Rxf6 29. Rd1 Bb8 30. Bh5 Qe8 31. Ng6+ Rxg6 32. Bxg6 Bc6 33. Rf1
1-0

[Event "Panamericano Sub 20 - Absoluto -"]
[Site "Montevideo"]
[Date "2009.10.08"]
[Round "4"]
[White "Tristán, Leonardo"]
[Black "Diamant, André"]
[Result "1/2-1/2"]
[WhiteElo "2412"]
[BlackElo "2526"]
[PlyCount "92"]
[EventDate "2009.10.??"]
[EventType "swiss"]
[EventRounds "9"]
[EventCountry "URU"]
[SourceDate "2009.10.06"]

1. d4 d5 2. Bg5 c6 3. Nf3 h6 4. Bh4 Qb6 5. b3 Nd7 6. e3 e5 7. Be2 e4 8. Nfd2
Ne7 9. g4 c5 10. dxc5 Qxc5 11. Bg3 g6 12. a3 Bg7 13. Ra2 Ne5 14. b4 Qb6 15. c4
Be6 16. Qa4+ Bd7 17. Qb3 dxc4 18. Nxc4 Nxc4 19. Bxc4 O-O 20. Rd2 Qc6 21. b5 Qc8
22. Bd6 Qe8 23. Qb4 Nc8 24. Bxf8 Bxf8 25. Qb3 Nb6 26. Be2 Be6 27. Qd1 Nc4 28.
Rd4 Qxb5 29. Nd2 Rc8 30. O-O Qa6 31. Nxc4 Bxc4 32. Bxc4 Rxc4 33. Qe2 b5 34.
Rxc4 bxc4 35. Rc1 Qxa3 36. Qxc4 a5 37. Rd1 a4 38. Rd7 Qa1+ 39. Kg2 Qf6 40. Qxe4
a3 41. Ra7 Qb6 42. Ra8 Qd6 43. h3 Qc5 44. Qa4 Qd5+ 45. Kf1 Qd3+ 46. Kg2 Qd5+
1/2-1/2

[Event "Panamericano Sub 20 - Absoluto -"]
[Site "Montevideo"]
[Date "2009.10.08"]
[Round "4"]
[White "Pulvett, Daniel"]
[Black "Ibarra Chami, Luis"]
[Result "0-1"]
[WhiteElo "2237"]
[BlackElo "2393"]
[PlyCount "60"]
[EventDate "2009.10.??"]
[EventType "swiss"]
[EventRounds "9"]
[EventCountry "URU"]
[SourceDate "2009.10.06"]

1. d4 d5 2. c4 e6 3. Nf3 Nf6 4. Nc3 Bb4 5. Bg5 Nbd7 6. e3 c5 7. cxd5 exd5 8.
Bd3 Qa5 9. Rc1 O-O 10. dxc5 Bxc3+ 11. bxc3 Ne4 12. O-O Ndxc5 13. Be7 Nxd3 14.
Qxd3 Re8 15. Bb4 Qxa2 16. Qb5 Nf6 17. Nd4 a6 18. Qb6 Qc4 19. Ra1 Nd7 20. Qd6
Nf6 21. Qb6 Nd7 22. Qd6 b5 23. Nc6 Nf6 24. Ne7+ Kh8 25. Rfd1 Be6 26. Rd4 Qe2
27. Rh4 a5 28. Bc5 Ng8 29. Qxe6 Nxe7 30. Qxf7 Rf8 0-1

[Event "Panamericano Sub 20 - Absoluto -"]
[Site "Montevideo"]
[Date "2009.10.08"]
[Round "4"]
[White "García Guerrero, Isaac"]
[Black "García Cárdenas, Pablo"]
[Result "1-0"]
[WhiteElo "2156"]
[BlackElo "2312"]
[PlyCount "77"]
[EventDate "2009.10.??"]
[EventType "swiss"]
[EventRounds "9"]
[EventCountry "URU"]
[SourceDate "2009.10.06"]

1. d4 Nf6 2. Bg5 Ne4 3. Bf4 c5 4. f3 Nf6 5. dxc5 b6 6. cxb6 Qxb6 7. e4 Nc6 8.
Nd2 d5 9. exd5 Nxd5 10. Nc4 Qc5 11. Bg3 Ba6 12. Bf2 Qb4+ 13. c3 Nxc3 14. bxc3
Qxc3+ 15. Nd2 Bxf1 16. Rc1 Qd3 17. Nxf1 Qxd1+ 18. Rxd1 e6 19. Nd2 Nb4 20. Nh3
Nxa2 21. Ra1 Nb4 22. Rxa7 Rxa7 23. Bxa7 Be7 24. Ke2 g5 25. Rc1 Kd7 26. Bc5 Na2
27. Rc2 Rc8 28. Rxa2 Rxc5 29. Ne4 Re5 30. Nhf2 f5 31. Nd3 Rb5 32. Nd2 e5 33. g4
e4 34. fxe4 fxg4 35. Nc4 h5 36. Nce5+ Kc8 37. Ra8+ Kb7 38. Rh8 Bd6 39. Rxh5 1-0

[Event "Panamericano Sub 20 - Absoluto -"]
[Site "Montevideo"]
[Date "2009.10.08"]
[Round "4"]
[White "Uribe, Daniel"]
[Black "Vázquez Reyes, Raúl"]
[Result "1/2-1/2"]
[WhiteElo "2264"]
[BlackElo "2137"]
[PlyCount "86"]
[EventDate "2009.10.??"]
[EventType "swiss"]
[EventRounds "9"]
[EventCountry "URU"]
[SourceDate "2009.10.06"]

1. e4 c5 2. Nf3 d6 3. d4 cxd4 4. Nxd4 Nf6 5. Nc3 a6 6. g3 e5 7. Nde2 Nbd7 8.
Bg2 b5 9. O-O Bb7 10. h3 Be7 11. g4 b4 12. Nd5 Nxd5 13. exd5 Bg5 14. f4 exf4
15. Qd4 Qb6 16. Bxf4 Bxf4 17. Rxf4 a5 18. Re4+ Kd8 19. Rf4 Rf8 20. Raf1 Ke7 21.
Re1 Rae8 22. Ng3+ Kd8 23. Rxe8+ Rxe8 24. Qxb6+ Nxb6 25. Rxf7 Bxd5 26. Rxg7 Re1+
27. Kf2 Rc1 28. Bxd5 Nxd5 29. Rxh7 Rxc2+ 30. Kf3 Rxb2 31. g5 Ne7 32. Rh6 Rxa2
33. Rxd6+ Ke8 34. Ne4 b3 35. Rb6 a4 36. h4 b2 37. h5 Ra3+ 38. Kg4 Rb3 39. Rxb3
axb3 40. Nc3 Kf7 41. Kf3 Nd5 42. Nb1 Nf6 43. h6 Nh7 1/2-1/2

[Event "Panamericano Sub 20 - Absoluto -"]
[Site "Montevideo"]
[Date "2009.10.08"]
[Round "4"]
[White "Krysa, Leandro"]
[Black "Michailov, Matías"]
[Result "1-0"]
[WhiteElo "2284"]
[BlackElo "1886"]
[PlyCount "109"]
[EventDate "2009.10.??"]
[EventType "swiss"]
[EventRounds "9"]
[EventCountry "URU"]
[SourceDate "2009.10.06"]

1. d4 Nf6 2. c4 g6 3. Nc3 Bg7 4. e4 d6 5. Nf3 O-O 6. Be2 e5 7. O-O Nc6 8. Be3
Ng4 9. Bg5 f6 10. Bh4 g5 11. Bg3 Nh6 12. dxe5 fxe5 13. h3 Nf7 14. Nh2 Nd4 15.
Bg4 Nh8 16. Nb5 Ng6 17. Bxc8 Qxc8 18. Nxd4 exd4 19. Nf3 g4 20. Nxd4 Bxd4 21.
Qxd4 gxh3 22. Qd5+ Rf7 23. f3 Ne7 24. Qh5 Rg7 25. Kh2 hxg2 26. Kxg2 Qe6 27.
Rac1 Rf8 28. Rg1 Qf6 29. Rc3 Ng6 30. Kh1 Kh8 31. Qh6 Qd4 32. Qe3 Qxe3 33. Rxe3
Rgf7 34. Rf1 Kg7 35. Kg2 h5 36. Kh3 Ne5 37. Bxe5+ dxe5 38. Rd3 Kh6 39. c5 Rf4
40. Rd7 R8f7 41. Rxf7 Rxf7 42. Kh4 Rf4+ 43. Kg3 h4+ 44. Kf2 Rf7 45. Rd1 Kg5 46.
Rg1+ Kh6 47. Rg8 Rd7 48. Ke2 Rg7 49. Rh8+ Kg5 50. a3 Rg6 51. Kf2 Rh6 52. Rg8+
Rg6 53. Rf8 Rf6 54. Re8 Kf4 55. Rg8 1-0

[Event "Panamericano Sub 20 - Absoluto -"]
[Site "Montevideo"]
[Date "2009.10.08"]
[Round "4"]
[White "Cóppola, Claudio"]
[Black "Meza, Hugo"]
[Result "1-0"]
[WhiteElo "2105"]
[BlackElo "2276"]
[PlyCount "35"]
[EventDate "2009.10.??"]
[EventType "swiss"]
[EventRounds "9"]
[EventCountry "URU"]
[SourceDate "2009.10.06"]

1. d4 Nf6 2. c4 c5 3. Nf3 e6 4. g3 cxd4 5. Nxd4 Bb4+ 6. Nc3 Ne4 7. Qd3 Qa5 8.
Nb3 Qf5 9. Qe3 Nc6 10. Bg2 Nd6 11. c5 Nc4 12. Qd3 Qxd3 13. exd3 N4e5 14. Ke2 d5
15. Nb5 O-O 16. Bf4 Bd7 17. a3 Na5 18. N5d4 1-0

[Event "Panamericano Sub 20 - Absoluto -"]
[Site "Montevideo"]
[Date "2009.10.08"]
[Round "4"]
[White "Sanguinetti, Luis"]
[Black "Vaz, Leonardo"]
[Result "1-0"]
[WhiteElo "2116"]
[BlackElo "2028"]
[PlyCount "73"]
[EventDate "2009.10.??"]
[EventType "swiss"]
[EventRounds "9"]
[EventCountry "URU"]
[SourceDate "2009.10.06"]

1. d4 Nf6 2. Nf3 e6 3. Bg5 Be7 4. e3 d5 5. Bd3 Nbd7 6. Nbd2 c6 7. O-O O-O 8. c3
b6 9. Ne5 Nxe5 10. dxe5 Nd7 11. Bxe7 Qxe7 12. f4 Nc5 13. Bc2 Ba6 14. Rf3 Bd3
15. Bxd3 Nxd3 16. Qc2 Nc5 17. Rh3 h6 18. g4 f5 19. exf6 Qxf6 20. Rh5 Rae8 21.
Nf3 Nd7 22. Qg2 e5 23. f5 Qe7 24. Rh3 Qc5 25. Nh4 d4 26. Ng6 Rf6 27. Kh1 Rd6
28. g5 hxg5 29. Qxg5 Nf6 30. cxd4 exd4 31. e4 Rdd8 32. e5 Qd5+ 33. Kg1 d3 34.
Rh8+ Kf7 35. e6+ Rxe6 36. fxe6+ Qxe6 37. Rxd8 1-0

[Event "Panamericano Sub 20 - Absoluto -"]
[Site "Montevideo"]
[Date "2009.10.08"]
[Round "4"]
[White "Silveira, Shubert"]
[Black "Arcos Facio, Mateo"]
[Result "1/2-1/2"]
[WhiteElo "2065"]
[BlackElo "2109"]
[PlyCount "87"]
[EventDate "2009.10.??"]
[EventType "swiss"]
[EventRounds "9"]
[EventCountry "URU"]
[SourceDate "2009.10.06"]

1. e4 e5 2. Nf3 Nc6 3. Bb5 f5 4. Nc3 fxe4 5. Nxe4 Nf6 6. d3 d5 7. Ng3 Bd6 8.
Qe2 O-O 9. Bxc6 bxc6 10. O-O Qe8 11. Nh4 Ba6 12. Nhf5 e4 13. Qd1 exd3 14. cxd3
c5 15. Qf3 Qb5 16. Rd1 d4 17. Nxd6 cxd6 18. Nf5 Qd7 19. Bg5 Bb7 20. Qh3 Bc8 21.
g4 g6 22. Nh6+ Kg7 23. f3 Nd5 24. Re1 Bb7 25. Re4 Rae8 26. Rae1 Ne3 27. Rxe8
Qxe8 28. Qg3 Qe5 29. f4 Qd5 30. f5 Kh8 31. Bxe3 dxe3 32. Rxe3 Qd4 33. Qf2 Qg7
34. g5 gxf5 35. h4 f4 36. Re1 Qd7 37. Kh2 f3 38. b4 d5 39. Qxc5 Qg7 40. Qf2 d4
41. Ng4 Qc7+ 42. Kg1 Qf4 43. Nf6 h6 44. Re7 1/2-1/2

[Event "Panamericano Sub 20 - Absoluto -"]
[Site "Montevideo"]
[Date "2009.10.08"]
[Round "4"]
[White "Hurtado, Matías"]
[Black "Mamani, Joan"]
[Result "0-1"]
[WhiteElo "1920"]
[BlackElo "2060"]
[PlyCount "104"]
[EventDate "2009.10.??"]
[EventType "swiss"]
[EventRounds "9"]
[EventCountry "URU"]
[SourceDate "2009.10.06"]

1. e4 Nc6 2. Nf3 e5 3. Bc4 g6 4. c3 Bg7 5. O-O Qe7 6. d4 Nf6 7. Re1 O-O 8. Na3
d6 9. h3 a6 10. Nc2 Nd8 11. Bd2 b5 12. Bd3 Bb7 13. Nh2 Ne6 14. d5 Nc5 15. Bg5
h6 16. Bxf6 Bxf6 17. Ne3 Bg7 18. g4 Qh4 19. Kg2 Rae8 20. Bc2 Bc8 21. b4 Nd7 22.
a4 Nb6 23. axb5 axb5 24. Bd3 Bd7 25. Qe2 Nc4 26. Nxc4 bxc4 27. Bxc4 f5 28. f3
fxg4 29. hxg4 h5 30. Bb5 Bxb5 31. Qxb5 Bh6 32. Rh1 Bf4 33. Nf1 Qg5 34. Qe2 Re7
35. Ng3 Ref7 36. Nxh5 gxh5 37. Rxh5 Qg6 38. Rah1 Bg5 39. R5h3 Qf6 40. c4 Kg7
41. c5 Rb8 42. Qc4 Kg6 43. b5 Qf4 44. Rd1 Qe3 45. cxd6 cxd6 46. Qf1 Rc7 47. Rd3
Rc2+ 48. Kh1 Qc5 49. Rd1 Rxb5 50. Qd3 Rbb2 51. f4 Bxf4 52. Rh8 Rh2+ 0-1

[Event "Panamericano Sub 20 - Absoluto -"]
[Site "Montevideo"]
[Date "2009.10.08"]
[Round "4"]
[White "Cucchi, Nicolás"]
[Black "González Reyes, Gabriel"]
[Result "0-1"]
[WhiteElo "1963"]
[BlackElo "1917"]
[PlyCount "94"]
[EventDate "2009.10.??"]
[EventType "swiss"]
[EventRounds "9"]
[EventCountry "URU"]
[SourceDate "2009.10.06"]

1. d4 d5 2. c4 c6 3. Nc3 Nf6 4. cxd5 cxd5 5. Nf3 Nc6 6. Bf4 e6 7. e3 a6 8. Bd3
Bd6 9. Bxd6 Qxd6 10. O-O O-O 11. Rc1 b5 12. Qd2 Bb7 13. b3 Rfd8 14. Qb2 h6 15.
Nb1 Nb4 16. Be2 Rac8 17. Nbd2 Ne4 18. a3 Nc6 19. Rc2 b4 20. a4 Nc3 21. Nb1
Nxe2+ 22. Rxe2 Na5 23. Ne5 f6 24. Nd3 Rc6 25. Nc5 Bc8 26. Rc1 Nb7 27. Nd3 Bd7
28. Rxc6 Bxc6 29. Rc2 Be8 30. Nc5 Na5 31. Rc1 Bg6 32. Qd2 Qb6 33. Qe2 Rd6 34.
Nd2 Rc6 35. Qg4 Kf7 36. Qd1 Qc7 37. Nf1 Nb7 38. Nd3 a5 39. Rxc6 Qxc6 40. Qc1
Qc3 41. Qxc3 bxc3 42. Nc1 Nd8 43. Ng3 Nc6 44. Nge2 c2 45. Kf1 e5 46. Ke1 Nb4
47. Kd2 Ke6 0-1

[Event "Panamericano Sub 20 - Absoluto -"]
[Site "Montevideo"]
[Date "2009.10.09"]
[Round "5"]
[White "Ibarra Chami, Luis"]
[Black "Tristán, Leonardo"]
[Result "1/2-1/2"]
[WhiteElo "2393"]
[BlackElo "2412"]
[PlyCount "84"]
[EventDate "2009.10.??"]
[EventType "swiss"]
[EventRounds "9"]
[EventCountry "URU"]
[SourceDate "2009.10.06"]

1. e4 c5 2. Nf3 Nc6 3. d4 cxd4 4. Nxd4 Nf6 5. Nc3 e5 6. Ndb5 d6 7. Bg5 a6 8.
Na3 b5 9. Nd5 Be7 10. Bxf6 Bxf6 11. c3 O-O 12. Nc2 Bg5 13. a4 bxa4 14. Rxa4 a5
15. Bc4 Rb8 16. b3 Kh8 17. O-O f5 18. Qd3 fxe4 19. Qxe4 Bf5 20. Qe2 Bg6 21. f3
Qd7 22. Kh1 Bh5 23. Qe1 Bf7 24. Nce3 Bxe3 25. Qxe3 Bxd5 26. Bxd5 Ne7 27. Rxa5
Nxd5 28. Rxd5 Rxb3 29. Rfd1 Qc7 30. Rxd6 Rxc3 31. Qxe5 Rc1 32. Qe1 Qxd6 33.
Rxc1 Rd8 34. h3 h6 35. Qe4 Qd3 36. Re1 Qd2 37. Qe5 Qd4 38. f4 Qxe5 39. fxe5 Kg8
40. Kh2 Kf7 41. Kg3 Ke6 42. Kg4 Rf8 1/2-1/2

[Event "Panamericano Sub 20 - Absoluto -"]
[Site "Montevideo"]
[Date "2009.10.09"]
[Round "5"]
[White "Macias, Bryan"]
[Black "García Guerrero, Isaac"]
[Result "0-1"]
[WhiteElo "2363"]
[BlackElo "2156"]
[PlyCount "130"]
[EventDate "2009.10.??"]
[EventType "swiss"]
[EventRounds "9"]
[EventCountry "URU"]
[SourceDate "2009.10.06"]

1. d4 d5 2. c4 e6 3. Nc3 c5 4. cxd5 cxd4 5. Qxd4 Nc6 6. Qd1 exd5 7. Qxd5 Bd7 8.
e4 Nf6 9. Qd1 Bb4 10. Bd3 O-O 11. Nge2 Qa5 12. O-O Rad8 13. Bf4 Ne5 14. Qb1
Nxd3 15. Qxd3 Bc6 16. Qc2 Bxc3 17. Nxc3 Nxe4 18. Ne2 Nd2 19. Bxd2 Rxd2 20. Qc3
Qxc3 21. Nxc3 Rxb2 22. Nd1 Re2 23. Ne3 Rd8 24. a3 Rd3 25. Nf5 g6 26. Ng3 Rc2
27. h3 h5 28. Kh2 Rdd2 29. Nh1 Ra2 30. Rfc1 Rxa1 31. Rxa1 a5 32. Kg1 h4 33. f3
Kg7 34. Nf2 f5 35. Nd1 Kf6 36. Ne3 Re2 37. Nc4 Bd5 38. Rc1 a4 39. Nb6 Bc6 40.
Rc4 Ra2 41. Nxa4 Rxa3 42. Nc5 g5 43. Rb4 b5 44. Rd4 Ke5 45. Rd8 Bd5 46. Nd7+
Kf4 47. Nf6 Bf7 48. Kh2 Ra6 49. Nh7 Rh6 50. Nf8 Ke5 51. Rb8 Bc4 52. Kg1 Rd6 53.
Nh7 Kf4 54. Kh2 Rd2 55. Nf6 Bf1 56. Nh5+ Ke3 57. Kg1 Bxg2 58. Rxb5 Bxf3 59.
Rb3+ Ke4 60. Ng7 g4 61. Rb4+ Ke5 62. Rb5+ Bd5 63. Rb4 Rd1+ 64. Kf2 g3+ 65. Ke2
g2 0-1

[Event "Panamericano Sub 20 - Absoluto -"]
[Site "Montevideo"]
[Date "2009.10.09"]
[Round "5"]
[White "Diaz, Ciro"]
[Black "Krysa, Leandro"]
[Result "1/2-1/2"]
[WhiteElo "2323"]
[BlackElo "2284"]
[PlyCount "105"]
[EventDate "2009.10.??"]
[EventType "swiss"]
[EventRounds "9"]
[EventCountry "URU"]
[SourceDate "2009.10.06"]

1. e4 c5 2. Nf3 e6 3. d4 cxd4 4. Nxd4 a6 5. Nc3 Qc7 6. Bd3 Nf6 7. f4 b5 8. e5
b4 9. Na4 Nd5 10. O-O Nc6 11. Be4 Qa5 12. c4 bxc3 13. bxc3 Nxc3 14. Nxc3 Qxc3
15. Nb3 Be7 16. Bd2 Qc4 17. Qf3 O-O 18. Rfc1 Qa4 19. Qd3 h6 20. Rc4 Qb5 21. Be3
Rb8 22. Rac1 Nb4 23. Qd2 Bb7 24. a4 Qxa4 25. Nc5 Bxc5 26. Bxc5 Bxe4 27. Bxf8
Rxf8 28. Rxe4 a5 29. Rd4 Qb5 30. Rxd7 Qb6+ 31. Kh1 Nd5 32. Rd6 Qb4 33. Qxb4
axb4 34. g3 g6 35. Rdc6 Kg7 36. Kg2 Ra8 37. h4 Ra2+ 38. Kh3 h5 39. Rc8 Ne3 40.
R1c7 b3 41. f5 gxf5 42. Rc1 b2 43. Rb1 Ra1 44. Rxb2 Rh1+ 45. Rh2 Rxh2+ 46. Kxh2
Ng4+ 47. Kg2 Nxe5 48. Kf2 Ng6 49. Rc5 Kf6 50. Kf3 Ne5+ 51. Ke3 Ng6 52. Ra5 Kg7
53. Rc5 1/2-1/2

[Event "Panamericano Sub 20 - Absoluto -"]
[Site "Montevideo"]
[Date "2009.10.09"]
[Round "5"]
[White "Sanguinetti, Luis"]
[Black "Gallego, Andrés"]
[Result "0-1"]
[WhiteElo "2116"]
[BlackElo "2404"]
[PlyCount "110"]
[EventDate "2009.10.??"]
[EventType "swiss"]
[EventRounds "9"]
[EventCountry "URU"]
[SourceDate "2009.10.06"]

1. d4 Nf6 2. Nf3 g6 3. g3 Bg7 4. Bg2 O-O 5. O-O d5 6. c4 c6 7. cxd5 cxd5 8. Nc3
e6 9. Ne5 Nfd7 10. f4 Nc6 11. Be3 Nb6 12. Nxc6 bxc6 13. Na4 Rb8 14. Nc5 Nc4 15.
Bc1 Nxb2 16. Bxb2 Rxb2 17. e3 Rb6 18. Qa4 Qc7 19. Rfc1 Rd8 20. Rc2 Bf8 21. Rac1
Bxc5 22. Rxc5 Bd7 23. Bf3 Rdb8 24. Bd1 Rb1 25. Qa3 Rxc1 26. Qxc1 Rb4 27. Bb3
Qb6 28. Qa3 Bc8 29. Ra5 a6 30. Rc5 Bb7 31. Kf2 Rb5 32. Rc2 Qc7 33. h4 h5 34.
Rc3 a5 35. Rc1 Kg7 36. Rc2 f6 37. Rc5 Qe7 38. Bc2 e5 39. Qd3 e4 40. Qc3 Rxc5
41. dxc5 Qc7 42. f5 Qd7 43. Qxa5 Qxf5+ 44. Ke1 Qe5 45. Kf2 Bc8 46. Qa7+ Kg8 47.
Qb6 Bh3 48. Qd8+ Kg7 49. Ke2 Be6 50. a4 Qc3 51. Qc7+ Bf7 52. Kd1 Qxe3 53. a5
Qd4+ 54. Kc1 e3 55. Qe7 Qd2+ 0-1

[Event "Panamericano Sub 20 - Absoluto -"]
[Site "Montevideo"]
[Date "2009.10.09"]
[Round "5"]
[White "Mamani, Joan"]
[Black "Uribe, Daniel"]
[Result "0-1"]
[WhiteElo "2060"]
[BlackElo "2264"]
[PlyCount "70"]
[EventDate "2009.10.??"]
[EventType "swiss"]
[EventRounds "9"]
[EventCountry "URU"]
[SourceDate "2009.10.06"]

1. e4 c5 2. Nc3 g6 3. f4 Bg7 4. Nf3 Nc6 5. Bc4 e6 6. O-O Nge7 7. e5 d5 8. exd6
Qxd6 9. d3 O-O 10. Ne4 Qc7 11. c3 b6 12. Qe1 Na5 13. Bb5 Rd8 14. Qh4 a6 15. Ba4
Nf5 16. Nf6+ Bxf6 17. Qxf6 Rxd3 18. g4 Qe7 19. Qe5 Bb7 20. Ne1 Qh4 21. Qe2 Rg3+
22. hxg3 Qh1+ 23. Kf2 Qh2+ 24. Ng2 Nxg3 25. Qd3 Qxg2+ 26. Ke1 c4 27. Rf2 Qh1+
28. Rf1 cxd3 29. Rxh1 Bxh1 30. Be3 Nc4 31. Bd4 d2+ 32. Kf2 Ne4+ 33. Kg1 Bf3 34.
Rb1 Rd8 35. Bb3 b5 0-1